UBT Library

Selected readings in public speaking, (Record no. 41956)

000 -LEADER
fixed length control field 00609cam a22002291 4500
001 - CONTROL NUMBER
control field 6129196
005 - DATE AND TIME OF LATEST TRANSACTION
control field 20180206093142.0
008 - FIXED-LENGTH DATA ELEMENTS--GENERAL INFORMATION
fixed length control field 731126s1966 xx 000 0 eng
010 ## - LIBRARY OF CONGRESS CONTROL NUMBER
LC control number 66012868
035 ## - SYSTEM CONTROL NUMBER
System control number (OCoLC)748500
040 ## - CATALOGING SOURCE
Original cataloging agency DLC
Transcribing agency ODaU
Modifying agency DLC
041 ## - LANGUAGE CODE
Language code of text/sound track or separate title eng
042 ## - AUTHENTICATION CODE
Authentication code premarc
080 ## - UNIVERSAL DECIMAL CLASSIFICATION NUMBER
Universal Decimal Classification number 808.51 BLA
082 ## - DEWEY DECIMAL CLASSIFICATION NUMBER
Classification number 808.51 BLA
100 1# - Rafti
Rafti 47
101 ## - Shkurtesa
Shkurtesa EDU
245 10 - TITLE STATEMENT
Title Selected readings in public speaking,
Statement of responsibility, etc edited by Jane Blankenship and Robert Wilhoit.
504 ## - BIBLIOGRAPHY, ETC. NOTE
Bibliography, etc Bibliography: p. 259-264.
906 ## - LOCAL DATA ELEMENT F, LDF (RLIN)
a 7
b cbc
c oclcrpl
d u
e ncip
f 19
g y-gencatlg
942 ## - ADDED ENTRY ELEMENTS (KOHA)
Source of classification or shelving scheme
Item type Books
Holdings
Withdrawn status Lost status Source of classification or shelving scheme Damaged status Not for loan Collection code Permanent location Current location Shelving location Date acquired Total Checkouts Full call number Barcode Date last seen Price effective from Koha item type
          Koleksioni i përgjithshem UBT - Lipjan UBT - Lipjan Koleksioni i përgjithshem 02/06/2018   808.51 BLA 002-2999354 02/06/2018 02/06/2018 Books
UBT Library © 2015-2024. All rights reserved University Education for Business and Technology